| 000 | 01403cam a22003735a 4500 | ||
|---|---|---|---|
| 006 | a||||fr|||| 00| 0 | ||
| 008 | 081112t2007 maua|||frb 001 0 eng d | ||
| 010 | _a2005044388 | ||
| 020 | _a007313368X (alk. paper) | ||
| 020 | _a9780071107150 | ||
| 020 | _a0071107150 | ||
| 020 | _a9780071108256 | ||
| 020 | _a0071108254 | ||
| 040 |
_aEG-SbBUE _beng _cEG-SbBUE |
||
| 082 | 0 | 4 |
_a150 _bPAS _222 |
| 100 | 1 |
_aPasser, Michael W. _926198 |
|
| 245 | 1 | 0 |
_aPsychology : _bThe Science of Mind and Behavior / _cMichael W. Passer, Ronald E. Smith. |
| 250 | _a3rd ed. | ||
| 260 |
_aBoston : _bMcGraw-Hill Higher Education, _cc.2007. |
||
| 300 |
_a[various pagings] : _bill. (chiefly col.) ; _c29 cm.+ _e2 CD-ROMs (4 3/4 in.) |
||
| 500 | _aIndexes | ||
| 500 | _aGlossary. | ||
| 500 | _aAppendix. | ||
| 504 | _aIncludes bibliographical references. | ||
| 590 | _aMenna Elemam | ||
| 650 | 0 |
_aPsychology _vTextbooks. _926199 _2BUEsh |
|
| 651 | _2BUEsh | ||
| 653 |
_bENGCHE _cAugust2015 |
||
| 700 | 1 |
_aSmith, Ronald Edward, _d1940- _926200 |
|
| 856 | 4 | 2 |
_3Publisher description _uhttp://www.loc.gov/catdir/enhancements/fy0624/2005044388-d.html |
| 856 | 4 | 2 |
_3Table of contents only _uhttp://www.loc.gov/catdir/enhancements/fy0624/2005044388-t.html |
| 856 | 4 | 2 |
_3Contributor biographical information _uhttp://www.loc.gov/catdir/enhancements/fy0737/2005044388-b.html |
| 942 |
_cBB _k150 PAS _2ddc |
||
| 999 |
_c6653 _d6653 |
||